000 00915nam a22003137a 4500
003 CHAP
005 20220817041235.0
008 971013s1994 r 00010 d
010 _a9418
011 _a10390
035 _a9627
040 _cCHAP
082 _a333.72
_bF33f
110 _aFAO
245 _aL'échange dette-nature
260 _aRome :
_bFAO,
_c1994
300 _a57 p.
490 _aFAO. Guías de conservación
_v; 23
590 _aBATCH-UPD
_b10
_c20130110
_lUCH01
_h1949
590 _aBATCH-UPD
_b10
_c20130410
_lUCH01
_h1311
590 _aBATCH-UPD
_b10
_c20130914
_lUCH01
_h1548
590 _aCONVERSION
_b10
_c20130109
_lUCH01
_h1306
650 1 4 _aRecursos naturales
_xConservación.
700 0 _aQuesada Mateo, Carlos A.
_993216
830 0 _aFAO. Guías de conservación
_v; 23
_939581
901 _aBK
942 _cLIBRO
949 _a333.72 F33f
_bBC
_cFAO
_d-20605
_eFAO1
_h86023
_i9627
_mD
_si
999 _c9418
_d9418